00283nam a2200121Ia 45000030006000000080041000060400015000471000029000622450032000912600009001235460012001320050017001440STCL150530s9999 xx 000 0 und d aSTCLcSTCL aSudershan Savara, K.; Ed aIndustrial produce of India c1966 aEnglish20220125165511.0